| 000 | 00334nam a22001217a 4500 | ||
|---|---|---|---|
| 008 | 180606b xxu||||| |||| 00| 0 eng d | ||
| 041 | _aeng | ||
| 080 | _a043.3 | ||
| 100 | _a0 | ||
| 101 | _aSHKI-MTH | ||
| 245 |
_aAnketimi dhe analiza e performancës së rrjetit lokal pa-tela në SH.M.T "28 Nëntori" _cMorina,S.M |
||
| 942 |
_2udc _cBK |
||
| 999 |
_c46502 _d46502 |
||